Mặt trời và gió Bấc

Guardado en:
Detalles Bibliográficos
Formato: Libro
Lenguaje:Undetermined
Publicado: Hà Nội Văn hóa Thông tin 2004
Materias:
Etiquetas: Agregar Etiqueta
Sin Etiquetas, Sea el primero en etiquetar este registro!
Thư viện lưu trữ: Trung tâm Học liệu Trường Đại học Cần Thơ
LEADER 00487nam a2200181Ia 4500
001 CTU_94553
008 210402s9999 xx 000 0 und d
020 |c 16000 
082 |a 808.83 
082 |b M118 
245 0 |a Mặt trời và gió Bấc 
245 0 |c Dương Thu Ái dịch 
260 |a Hà Nội 
260 |b Văn hóa Thông tin 
260 |c 2004 
650 |a Short stories 
904 |i Trúc 
980 |a Trung tâm Học liệu Trường Đại học Cần Thơ